Guerre des mondes (La) (Record n. 102221)
[ formato base ]
| 000 -LEADER | |
|---|---|
| fixed length control field | 01122njm a2200337Ia 4500 |
| 001 - CONTROL NUMBER | |
| control field | 99667 |
| 003 - CONTROL NUMBER IDENTIFIER | |
| control field | IT-RoPAU |
| 005 - DATE AND TIME OF LATEST TRANSACTION | |
| control field | 20220918181152.0 |
| 008 - FIXED-LENGTH DATA ELEMENTS--GENERAL INFORMATION | |
| fixed length control field | 131025s9999 xx 000 0 und d |
| 040 ## - CATALOGING SOURCE | |
| Original cataloging agency | IT-RoPAU |
| 040 ## - CATALOGING SOURCE | |
| Transcribing agency | IT-RoPAU |
| 041 ## - LANGUAGE CODE | |
| Language code of text/sound track or separate title | INGLESE |
| 999 ## - SYSTEM CONTROL NUMBERS (KOHA) | |
| Koha Dewey Subclass [OBSOLETE] | SI |
| 100 ## - MAIN ENTRY--PERSONAL NAME | |
| Personal name | Welles Orson |
| 9 (RLIN) | 27767 |
| 100 ## - MAIN ENTRY--PERSONAL NAME | |
| Relator term | Autore musica |
| 9 (RLIN) | 27768 |
| 100 ## - MAIN ENTRY--PERSONAL NAME | |
| Miscellaneous information | Codice autore musica SPICS: 502 |
| 9 (RLIN) | 27769 |
| 240 ## - UNIFORM TITLE | |
| Uniform title | War Of The World (The) |
| 240 ## - UNIFORM TITLE | |
| Miscellaneous information | T2332 |
| 245 ## - TITLE STATEMENT | |
| Title | Guerre des mondes (La) |
| 250 ## - EDITION STATEMENT | |
| Edition statement | 1a ed. |
| 260 ## - PUBLICATION, DISTRIBUTION, ETC. (IMPRINT) | |
| Place of publication, distribution, etc. | FRANCIA |
| 260 ## - PUBLICATION, DISTRIBUTION, ETC. (IMPRINT) | |
| Name of publisher, distributor, etc. | PHONURGIA NOVA |
| Date of publication, distribution, etc. | 1989 [1a Ed.:1938 - Ed. Lingua Orig.: 1938] |
| 300 ## - PHYSICAL DESCRIPTION | |
| Extent | COMPACT DISC |
| 300 ## - PHYSICAL DESCRIPTION | |
| Dimensions | 60 minuti (Testo: 0 pag.) |
| 500 ## - GENERAL NOTE | |
| General note | Programma radiofonico. Allegato libretto di 156 pagine in francese. |
| 505 ## - FORMATTED CONTENTS NOTE | |
| Formatted contents note | Radiodramma sulla invasione dei marziani in America. |
| 650 ## - SUBJECT ADDED ENTRY--TOPICAL TERM | |
| Topical term or geographic name as entry element | REPORTAGE [COMPACT DISC] |
| Relator term | Codice MATERIA SPICS: 9949 |
| 9 (RLIN) | 27770 |
| 700 ## - ADDED ENTRY--PERSONAL NAME | |
| Personal name | Welles Orson |
| Relator term | Autore testo e musica |
| Miscellaneous information | Codice autore testo/musica SPICS: 502 |
| 9 (RLIN) | 27771 |
| 700 ## - ADDED ENTRY--PERSONAL NAME | |
| Personal name | Welles Orson |
| Miscellaneous information | Codice interprete SPICS: 502 |
| Relator term | Interprete |
| 9 (RLIN) | 27772 |
| 942 ## - ADDED ENTRY ELEMENTS (KOHA) | |
| Koha item type | CD AUDIO |
| Source of classification or shelving scheme | Dewey Decimal Classification |
| Withdrawn status | Lost status | Damaged status | Not for loan | Home library | Current library | Date acquired | Total Checkouts | Full call number | Date last seen | Price effective from | Koha item type | Public note |
|---|---|---|---|---|---|---|---|---|---|---|---|---|
| Buone Condizioni | Not For Loan | SPICS-MEDIATECA | SPICS-MEDIATECA | 25/10/2013 | 99667 | 25/10/2013 | 25/10/2013 | CD AUDIO | Progr. Ins.: 22358 / N.Vol.: 1 / Copie: 1 - Copia rara: SI / date import: 01.01.2014 - By Epidotti, Trombetti, Vaglietti |